| 000 | 00549nam a2200193 a 4500 | ||
|---|---|---|---|
| 005 | 20140311163004.0 | ||
| 008 | 030421s19uu xx 00 eng d | ||
| 020 | _a971513014X | ||
| 050 |
_aRT 41 _b.J76 1988 |
||
| 100 | _aJones, Dorothy A. | ||
| 245 |
_aMedical-surgical nursing : _ba conceptual approach / _cDorothy A. Jones. |
||
| 260 |
_aBoston, Massachusetts : _bLittle Brown and Co., _c1988. |
||
| 300 |
_a1346 p. : _c26 cm. |
||
| 521 | _aNUR | ||
| 650 | _aMedical Surgery | ||
| 942 |
_cBK _2lcc _kFOR |
||
| 999 |
_c39262 _d39262 |
||